| 000 | 00733cam a2200217 a 4500 | ||
|---|---|---|---|
| 001 | 000003080 | ||
| 005 | 20200929150325.0 | ||
| 008 | 020127s1998 pr c 000 0 spa | ||
| 020 | _a1563281252 | ||
| 040 |
_aDO-SdBNP _cDLC |
||
| 082 |
_aPR861.64 _bV422t |
||
| 100 | 1 |
_aVega, José Luis, _d1948- _99721 |
|
| 245 | 1 | 0 |
_aTecho a dos aguas / _cJosé Luis Vega ; fotografías, José A. Peláez. |
| 260 |
_aSan Juan, Puerto Rico : _bPlaza Mayor, _c1998. |
||
| 300 |
_a145, [3] p. : _bretrs. ; _c23 cm. |
||
| 440 | 0 |
_aBiblioteca de autores de Puerto Rico _99722 |
|
| 650 | 4 |
_aPoesía puertorriqueña _91015 |
|
| 650 | 4 |
_aLiteratura puertorriqueña _9250 |
|
| 700 | 1 |
_aPeláez, José A. _efot. _99723 |
|
| 910 | _aCatalogación por copia / LC | ||
| 999 |
_c2911 _d2911 |
||